Europäische Geschichte nach Buchstaben - V - Statistiken

Allgemein
  • Dieses Quiz wurde 50 mal gespielt
  • Das Durchschnittsergebnis liegt bei 10 aus 20
Antwortstatistiken
Hinweis Antwort % Korrekt
Von Louis XIV erbauter Palast bei Paris, in dem der Friedensvertrag für Deutschland nach dem Zweiten Weltkrieg beschlossen wird Versailles
98%
Europäischer Staat, der Anfang des 20. Jahrhunderts ein Viertel der Weltbevölkerung kontrolliert Vereinigtes Königreich
91%
Britische Königin von 1837 bis 1901, nach der die damalige Zeitperiode benannt ist Victoria
89%
Diese von Dogen regierte italienische Seerepublik war maßgeblich an der Eroberung Konstantinopels im Vierten Kreuzzug beteiligt Venedig
87%
Bei dieser französischen Stadt findet 1916 eine monatelange, als Blutpumpe bezeichnete Schlacht statt Verdun
76%
Bei dieser auch als Schlacht im Teutoburger Wald bekannten Schlacht besiegt ein germanisches Heer drei römische Legionen Varusschlacht
72%
Spätantike Periode, in der verschiedene Stammesverbände in Europa migrieren und neue Staaten bilden (z.B. Goten, Franken, Langobarden, Sachsen) Völkerwanderung
67%
Einer dieser germanischen Stammesverbände, der die Kontrolle in Spanien und Nordafrika erlangt, sowie Rom plündert Vandalen
61%
Hügel von Rom, welcher im 14. Jahrhundert Regierungssitz der Päpste wurde Vatikan
57%
Dieser Ort wird Synonym der französischen Kollaborationsregierung im Zweiten Weltkrieg Vichy
50%
Bei dieser Stadt in Bulgarien starb 1444 der König Wladislaw von Polen, Ungarn und Kroatien bei einem Kreuzzug gegen die Osmanen Varna
48%
Bezeichnung für die Kulturepoche vor der Revolution 1848 in Deutschland (Heine, Büchner, von Arnim) Vormärz
43%
Diese von Fürst Gediminas gegründete Stadt war im 14. und 15. Jahrhundert Hauptstadt eines Staates von der Ostsee bis zum Schwarzen Meer Vilnius
39%
Schriftsteller und Philosoph der Aufklärung (Candide), der teilweise am Hof von Friedrich dem Großen von Preußen lebte Voltaire
35%
Arvernerfürst, der gallische Völker zu einem vergeblichen Kampf gegen Cäsar vereinigte Vercingetorix
30%
Von St Hieronymus verfasste Übersetzung der Bibel ins Lateinische war dies die Standardbibel der Katholischen Kirche Vulgata
28%
König von Sardinien-Piedmont und erster König des vereinigten Italiens Victor Emmanuel II
22%
Dieser antike römische Kaiser fiel in der Schlacht von Adrianopel während des Gotenkrieges Valens
9%
Abkürzung für die Niederländische Ostindienkompanie, das erste Unternehmen, welches Aktien ausgab VOC
9%
Bezeichnung für französischsprachige Schlager im 15/16 Jhd, Pariser Volkstheater im 18/19. Jhd und Variete-Theater in Amerika im 20. Jhd Vaudeville
4%
Keine übereinstimmenden Quizze gefunden
Verteilung der Resultate
Anzahl Personen mit jedem Resultat
Perzentil nach korrekt beantworteten Fragen
Ihre Resultats-Entwicklung
Sie haben dieses Quiz noch nicht gespielt